000 00875nam a22002537a 4500
005 20250430112507.0
008 250430b |||||||| |||| 00| 0 eng d
020 _a978-1-3503-7341-9 (pbk)
037 _cTB
040 _aCRL
_cCRL
041 _2eng
_aeng
084 _aR0aS:3 R3
_qCRL
245 _aPhilosophy and psychedelics:
_bFrameworks for exceptional experience
260 _aLondon, UK:
_bBloomsbury Academic,
_c2023.
300 _axi, 263p.
365 _b19.99
_cUKP
650 _aPhilosophy
650 _aPsychology
650 _aConsciousness
700 _aHauskeller, Christine
_eEditor
_9753533
700 _aHughes, Sjostedt Peter
_eEditor
_9753534
942 _2CC
_cTB
_hR0aS:3 R3
_n0
999 _c1309804
_d1309804